000 00277nam a22001217a 4500
008 170621b xxu||||| |||| 00| 0 eng d
041 _aeng
080 _a94
100 _a18
101 _aSHH
245 _aRACE ETHNICITY AND GENDER IN EARLY
_cMILLER.S.M
942 _2udc
_cBK
999 _c18570
_d18570